Holiday Quiz

Random Holiday or Halloween Quiz

Halloween Cupcakes Quiz Stats

 Plays Quiz Updated Oct 19, 2017

Also try: Games by Cupcake
Challenge
Share
Tweet
Score 0/15 Timer 04:00
2 Plays Today
% Correct
Ghost
99.7%
Bats
96.7%
Pumpkins
96.1%
Black Cat
95.8%
Witches
95.5%
Mummies
95.3%
Spiders
95.1%
Vampire
95%
% Correct
Cobwebs
94.9%
Frankenstein's Monster
93.9%
Tombstones
93.6%
Skeletons
93.5%
Brains
91.4%
Zombie
87.8%
Black Cauldron
86.5%

You're not logged in!

Compare scores with friends on all Sporcle quizzes.
OR
Log In

You Might Also Like...

Show Comments

Extras

Top Quizzes Today


Score Distribution

Your Account Isn't Verified!

In order to create a playlist on Sporcle, you need to verify the email address you used during registration. Go to your Sporcle Settings to finish the process.

Report this User

Report this user for behavior that violates our Community Guidelines.

Details: